00480nam a2200145Ia 4500008004100000100001800041245003500059260001200094500002400106650001200130942000700142952008400149952008400233999001700317230524s9999 xx 000 0 und d aChuck Easttom 0aComputer Security Fundamentals bPearson aQuantity Number: 2 aComp-Sc cBK 00104070aTATCLbTATCLcGENd2023-05-24l0p44041r2023-05-24w2023-05-24yBK 00104070aTATCLbTATCLcGENd2023-05-24l0p44042r2023-05-24w2023-05-24yBK c50232d50232